000
00232 a2200097 4500
001
52968
100
_a
Meriam J L
245
_a
Engineering Mechanics Statics & Dynamics
260
_a
New York
_b
John Wiley
_c
090
_c
33298
_d
33298
942
_a
NUST-CAE
_c
M
_c
25889
999
_c
288041
_d
288041